| 000 | 00827nam a2200217 a 4500 | ||
|---|---|---|---|
| 001 | 000035411 | ||
| 005 | 20200930074325.0 | ||
| 008 | 111031s1941 mx 000 0 spa d | ||
| 040 |
_aDO-SdBNP _bspa _cBNPHU |
||
| 082 |
_a109 _bS558t |
||
| 100 | 1 |
_aShirokov, M. _961240 |
|
| 245 | 1 | 0 |
_aTratado sistemático de filosofía : _bel pensamiento filosófico a través de la historia / _cM. Shirokov ; versión Rosado de la Espada. |
| 260 |
_aMéxico : _bEdiciones Fuente Cultural, _c1941. |
||
| 300 |
_a388 p. ; _c22 cm. |
||
| 490 | 1 | _aBiblioteca nueva cultura | |
| 590 | _aPerteneció a la biblioteca personal de Juan Isidro Jimenes Grullón. | ||
| 650 | 4 |
_aFilosofía _xHistoria _9528 |
|
| 700 | 1 |
_aRosado de la Espada, D., _etr. _961241 |
|
| 830 | 0 |
_aBiblioteca nueva cultura _961242 |
|
| 910 | _aValidado. Control de calidad BNPHU | ||
| 999 |
_c34902 _d34902 |
||